000 00600nam a2200205 u 4500
005 20220908120408.0
008 120626s2010 r 000 0 eng d
020 _a9786071602404
035 _aUPN01000185472
049 _aCG
050 4 _aPQ7798.26 E8.3
_bC3.7
100 1 _aPescetti, Luis María,
_d1958-
_930469
245 1 0 _aCartas al rey de la cabina /
_cLuis María Pescetti.
260 _aMéxico :
_bFCE,
_c2010.
300 _a115 p. :
_bil.
440 4 _aLos especiales de a la orilla del viento
650 0 _aLiteratura juvenil argentina
_912413
905 _aLibro
999 _c157575
_d157575